|
|
|
|
| LEADER |
00000nam0a2200000 4500 |
| 001 |
332244 |
| 005 |
20231102004433.0 |
| 035 |
|
|
|a (RuTPU)RU\TPU\book\358151
|
| 090 |
|
|
|a 332244
|
| 100 |
|
|
|a 20170518d1907 k y0rusy50 ca
|
| 101 |
0 |
|
|a rus
|a fre
|
| 102 |
|
|
|a RU
|
| 105 |
|
|
|a y z 001zy
|
| 200 |
1 |
|
|a О пестроцветных породах а окрестностях г. Велюня
|d Roches bigarrées aux environs de Wielun, par B. Rehbinder
|e отдельный оттиск из т. XXVI Известий Геологического Комитета № 132
|
| 210 |
|
|
|a Санкт-Петербург
|c Типо-Литография К. Биркенфельда
|d 1907
|
| 215 |
|
|
|a 315-326 с.
|
| 316 |
|
|
|5 63413507: 76//370
|a На обложке надпись: "Многоуважаемому Карлу Ивановичу Богдановичу от автора"
|
| 606 |
|
|
|a Геология
|y Россия
|2 stltpush
|3 (RuTPU)RU\TPU\subj\71115
|9 85163
|
| 606 |
|
|
|a Геология
|y Европа
|2 stltpush
|3 (RuTPU)RU\TPU\subj\70147
|9 84625
|
| 610 |
1 |
|
|a породы
|
| 610 |
1 |
|
|a пестроцветные породы
|
| 610 |
1 |
|
|a г. Велюнь
|
| 610 |
1 |
|
|a почва
|
| 610 |
1 |
|
|a оттиски
|
| 675 |
|
|
|a 55(47+57)
|v 4
|
| 675 |
|
|
|a 55(4)
|v 3
|
| 700 |
|
1 |
|a Ребиндер
|b Б.
|
| 801 |
|
1 |
|a RU
|b 63413507
|c 20170518
|
| 801 |
|
2 |
|a RU
|b 63413507
|c 20170530
|g RCR
|
| 942 |
|
|
|c BK
|